000 00585cam a22002053a 4500
001 35003
003 PGUSA
005 20140828083744.0
008 110119s2011||||xxu|||||s|||||000 | eng d
040 _aPGUSA
_beng
042 _adc
100 1 _aGreen, Anna Katharine,
_d1846-1935
245 1 4 _aThe House in the Mist
_h[electronic resource] /
_cAnna Katharine Green
260 _bProject Gutenberg,
_c2011
506 _aPublic domain in the USA.
516 _aElectronic text
830 0 _aProject Gutenberg
_v35003
856 4 0 _uhttp://www.gutenberg.org/ebooks/35003
942 _cEB
999 _c264258
_d264258